000 00862nam a2200265 a 4500
001 BRCA_4054
005 20190320204529.0
008 150210c1923----fr-a######---#000-0#fre-#
041 _afre
044 _afr
050 4 _aF1215
_b.B35 1923
100 1 _aBalmont, Constantin
_910514
245 1 0 _aVisions solaires
_bMexique-Égypte-Inde-Japon-Océanie
_cConstantin Balmont ; traduit du Russe avec une préface par Ludmila Savitzky.
260 _aParis
_bBossard
_c1923
300 _avi, 338 p.
_bil
_c19 cm
500 _aC130
650 1 4 _aViajeros rusos
_910515
650 1 4 _aIndia
_xDescripción y viajes
_910516
651 4 _aJapón
_xDescripción y viajes
_910517
651 4 _aMéxico
_xDescripción y viajes
_9103
651 4 _aEgipto
_xDescripción y viajes
_910518
651 4 _aOceania
_xDescripción y viajes
_910519
902 _aGFM
942 _2lcc
_cB
999 _c3778
_d3778